Datum a čas kvízu
31
Celkem bodů
Celkový počet nahraných bodů na tomto kvízu bez doplňovacích otázek.
11.
Pořadí na kvízu
Konečné umístění týmu na tomto kvízu.
Zaznamenané odpovědi
| # | Otázka | Odpověď | Body | Výsledky |
|---|---|---|---|---|
| 1. | Kdo byl ve středu vládou jedno... | Lenka Bradáčová | 1 | |
| 2. | Papež František v pondělí učin... | jmenoval ženu do církevního úřadu | 0 | |
| 3. | Jak se jmenuje 49letá hollywoo... | Angelina Jolie | 0 | |
| 4. | Dánský král Frederik X. změnil... | medvěd lední (polární) | 1 | |
| 5. | 28letá česká parkurová jezdkyn... | Anna Kellnerová, Catch Me If You Can | 1 | |
| 6. | Toto téma jste si odhlasovali... | D | 1 | |
| 7. | Jistý uznávaný český básník je... | Svatební košile; Jaroslav Vrchlický | 0 | |
| 8. | Zákaz účasti osobám mladším 18... | C; straight (postupka) | 1 | |
| 9. | Přiřaďte (poměrně cudné) fotog... | 1B 2D 3C 4A | 1 | |
| 10. | V roce 2009 vydala jedna poměr... | Rammstein | 1 |